000 00342 a2200169 4500
001 191550
020 _a978-85-16-09436-2
040 _cMagnum
100 _aTerra, Ana
240 1 0 _aO p do pato
_lpor
245 1 0 _aO p do pato
300 _a31
362 0 _a2014
440 1 _aSalamandra
697 _aLITERATURA INFANTO
942 _cBK
999 _c191550
_d191550